[Event "WCO2014"]
[Site "Tromso"]
[Date "2014.08.03"]
[Round "2.34"]
[WhiteID "7901798"]
[White "Latreche Sabrina"]
[BlackID "8200521"]
[Black "Ramos Dos Rosangela"]
[Result "1-0"]
[LiveChessVersion "1.4.3"]
[BlackElo "1723"]
[WhiteElo "1972"]

1. e4 {[%clk 1:30:56]} g6 {[%clk 1:30:57]} 2. d4 {[%clk 1:31:11]} Bg7
{[%clk 1:31:22]} 3. Bc4 {[%clk 1:31:06]} d6 {[%clk 1:30:22]} 4. Nf3
{[%clk 1:30:58]} Nf6 {[%clk 1:30:26]} 5. Nc3 {[%clk 1:29:56]} c6 {[%clk 1:26:36]}
6. Bg5 {[%clk 1:22:56]} b5 {[%clk 1:15:39]} 7. Bb3 {[%clk 1:21:18]} b4
{[%clk 1:08:42]} 8. Bxf6 {[%clk 1:19:58]} Bxf6 {[%clk 1:08:37]} 9. Ne2
{[%clk 1:19:49]} O-O {[%clk 1:04:53]} 10. c3 {[%clk 1:16:56]} bxc3
{[%clk 0:58:11]} 11. bxc3 {[%clk 1:17:17]} Qa5 {[%clk 0:55:53]} 12. O-O
{[%clk 1:17:07]} Ba6 {[%clk 0:50:53]} 13. c4 {[%clk 1:10:06]} Nd7
{[%clk 0:39:26]} 14. c5 {[%clk 1:02:52]} Bg7 {[%clk 0:16:14]} 15. cxd6
{[%clk 1:01:38]} exd6 {[%clk 0:16:42]} 16. Rc1 {[%clk 1:01:50]} Rac8
{[%clk 0:13:04]} 17. Re1 {[%clk 1:01:47]} Nb6 {[%clk 0:11:48]} 18. e5
{[%clk 0:48:56]} dxe5 {[%clk 0:05:17]} 19. Nxe5 {[%clk 0:49:16]} c5
{[%clk 0:03:06]} 20. Bxf7+ {[%clk 0:35:15]} Rxf7 {[%clk 0:01:36]} 21. Nxf7
{[%clk 0:35:43]} Kxf7 {[%clk 0:01:44]} 22. dxc5 {[%clk 0:36:02]} Rxc5
{[%clk 0:01:14]} 23. Rxc5 {[%clk 0:36:06]} Qxc5 {[%clk 0:01:39]} 24. Ng3
{[%clk 0:35:04]} Qd5 {[%clk 0:01:06]} 25. Qc1 {[%clk 0:34:47]} Qc4
{[%clk 0:00:58]} 26. Qe3 {[%clk 0:34:59]} Bf6 {[%clk 0:00:47]} 27. Ne4
{[%clk 0:34:47]} Qe6 {[%clk 0:00:38]} 28. Ng5+ {[%clk 0:35:08]} 1-0

[Event "WCO2014"]
[Site "Tromso"]
[Date "2014.08.03"]
[Round "2.33"]
[WhiteID "8201080"]
[White "Romalho Gelique"]
[BlackID "7901631"]
[Black "Toubal Hayat"]
[Result "0-1"]
[LiveChessVersion "1.4.3"]
[BlackElo "1938"]
[WhiteElo "1537"]

1. e4 {[%clk 1:30:56]} c6 {[%clk 1:30:55]} 2. Nf3 {[%clk 1:31:18]} d5
{[%clk 1:31:11]} 3. exd5 {[%clk 1:31:31]} cxd5 {[%clk 1:31:32]} 4. d4
{[%clk 1:31:11]} Nf6 {[%clk 1:30:52]} 5. Bf4 {[%clk 1:29:09]} Nc6
{[%clk 1:30:06]} 6. c3 {[%clk 1:24:49]} Qb6 {[%clk 1:12:46]} 7. Qc1
{[%clk 1:13:24]} Bf5 {[%clk 1:10:49]} 8. Nh4 {[%clk 0:58:07]} Bg6
{[%clk 1:04:56]} 9. Nxg6 {[%clk 0:52:51]} hxg6 {[%clk 1:05:19]} 10. Nd2
{[%clk 0:51:29]} Rc8 {[%clk 1:04:01]} 11. Qc2 {[%clk 0:47:00]} Nxd4
{[%clk 0:49:53]} 12. Qa4+ {[%clk 0:39:21]} Nc6 {[%clk 0:50:13]} 13. Qb3
{[%clk 0:31:51]} Qxb3 {[%clk 0:47:01]} 14. Nxb3 {[%clk 0:31:54]} e6
{[%clk 0:46:07]} 15. O-O-O {[%clk 0:23:01]} Ne4 {[%clk 0:41:24]} 16. Be3
{[%clk 0:19:25]} a6 {[%clk 0:38:54]} 17. Bd3 {[%clk 0:16:32]} Nf6
{[%clk 0:38:29]} 18. h3 {[%clk 0:11:56]} Bd6 {[%clk 0:33:33]} 19. g4
{[%clk 0:10:14]} Nb4 {[%clk 0:19:44]} 20. a3 {[%clk 0:08:54]} Nxd3+
{[%clk 0:19:32]} 21. Rxd3 {[%clk 0:08:52]} Nxg4 {[%clk 0:19:43]} 22. Bd4
{[%clk 0:04:23]} e5 {[%clk 0:12:16]} 23. Be3 {[%clk 0:01:06]} d4 {[%clk 0:12:29]}
24. Bd2 {[%clk 0:00:45]} Nxf2 0-1

[Event "WCO2014"]
[Site "Tromso"]
[Date "2014.08.03"]
[Round "2.14"]
[WhiteID "5702135"]
[White "Azman Hisham Nur Nabila"]
[BlackID "10000445"]
[Black "Namaganda Christine"]
[Result "1-0"]
[LiveChessVersion "1.4.3"]
[BlackElo "1536"]
[WhiteElo "1916"]

1. d4 {[%clk 1:30:53]} Nf6 {[%clk 1:30:54]} 2. Nf3 {[%clk 1:31:14]} g6
{[%clk 1:30:38]} 3. c4 {[%clk 1:31:32]} Bg7 {[%clk 1:31:03]} 4. Nc3
{[%clk 1:31:56]} O-O 5. e4 {[%clk 1:32:13]} d6 {[%clk 1:31:45]} 6. Be2
{[%clk 1:32:18]} c5 {[%clk 1:31:51]} 7. d5 {[%clk 1:31:08]} Nbd7 {[%clk 1:30:49]}
8. O-O {[%clk 1:30:21]} a6 {[%clk 1:31:04]} 9. a4 {[%clk 1:29:15]} Ne8
{[%clk 1:30:13]} 10. Be3 {[%clk 1:26:55]} f5 {[%clk 1:30:19]} 11. exf5
{[%clk 1:24:38]} gxf5 {[%clk 1:28:15]} 12. Qd2 {[%clk 1:23:53]} Ndf6
{[%clk 1:26:37]} 13. Bd3 {[%clk 1:19:01]} Ng4 {[%clk 1:24:21]} 14. Bf4
{[%clk 1:12:57]} Ne5 {[%clk 1:22:55]} 15. Be2 {[%clk 1:12:36]} Ng6
{[%clk 1:22:36]} 16. Bg5 {[%clk 1:04:01]} Nf6 {[%clk 1:20:22]} 17. Nh4
{[%clk 1:02:37]} Qe8 {[%clk 1:16:15]} 18. Nxg6 {[%clk 1:01:27]} Qxg6
{[%clk 1:15:51]} 19. Bf3 {[%clk 1:00:19]} Ne4 {[%clk 1:14:39]} 20. Bxe4
{[%clk 0:59:56]} fxe4 {[%clk 1:14:40]} 21. Bxe7 {[%clk 0:59:00]} Bh3
{[%clk 1:12:47]} 22. Qg5 {[%clk 0:59:11]} Qxg5 {[%clk 1:11:55]} 23. Bxg5
{[%clk 0:59:35]} Bxc3 {[%clk 1:11:36]} 24. bxc3 {[%clk 0:54:41]} Kf7
{[%clk 1:05:31]} 25. gxh3 {[%clk 0:53:00]} Rg8 {[%clk 1:05:23]} 26. f4
{[%clk 0:53:24]} h6 {[%clk 1:05:39]} 27. h4 {[%clk 0:53:42]} hxg5
{[%clk 1:04:58]} 28. fxg5+ {[%clk 0:45:54]} Kg6 {[%clk 1:04:57]} 29. Rab1
{[%clk 0:45:56]} e3 {[%clk 1:02:20]} 30. Kg2 {[%clk 0:42:58]} e2 {[%clk 1:01:16]}
31. Rf6+ {[%clk 0:43:20]} Kh5 {[%clk 0:59:52]} 32. Kg3 {[%clk 0:43:39]} Rg6
{[%clk 0:56:35]} 33. Rf7 {[%clk 0:41:38]} Rh8 {[%clk 0:55:11]} 34. Re1 1-0

[Event "WCO2014"]
[Site "Tromso"]
[Date "2014.08.03"]
[Round "2.15"]
[WhiteID "10000291"]
[White "Amoko Ivy Claire"]
[BlackID "5704685"]
[Black "Azman Hisham Nur Najiha"]
[Result "1-0"]
[LiveChessVersion "1.4.3"]
[BlackElo "1886"]
[WhiteElo "1803"]

1. e4 {[%clk 1:30:55]} c5 {[%clk 1:30:40]} 2. Nf3 {[%clk 1:31:13]} e6
{[%clk 1:30:45]} 3. Bd3 {[%clk 1:31:10]} Nc6 {[%clk 1:28:28]} 4. c3
{[%clk 1:31:22]} d5 {[%clk 1:28:09]} 5. Qe2 {[%clk 1:26:42]} Nf6 {[%clk 1:18:37]}
6. e5 {[%clk 1:26:05]} Ng8 {[%clk 1:18:04]} 7. O-O {[%clk 1:23:01]} Nge7
{[%clk 1:17:57]} 8. Bc2 {[%clk 1:23:01]} h5 {[%clk 1:15:25]} 9. d4
{[%clk 1:22:11]} Nf5 {[%clk 1:14:12]} 10. Rd1 {[%clk 1:16:34]} cxd4
{[%clk 1:05:45]} 11. cxd4 {[%clk 1:16:32]} Be7 {[%clk 1:05:48]} 12. Be3
{[%clk 1:12:27]} g5 {[%clk 1:02:33]} 13. Nc3 {[%clk 1:08:49]} Rg8
{[%clk 0:59:43]} 14. Ne1 {[%clk 1:01:54]} Nxe3 {[%clk 0:54:21]} 15. fxe3
{[%clk 1:00:59]} Rh8 {[%clk 0:53:53]} 16. Nd3 {[%clk 0:58:50]} f5
{[%clk 0:49:59]} 17. exf6 {[%clk 0:57:26]} Bxf6 {[%clk 0:50:16]} 18. Rf1
{[%clk 0:53:58]} Rh6 {[%clk 0:47:53]} 19. Rad1 {[%clk 0:52:36]} Qe7
{[%clk 0:46:44]} 20. Rf2 {[%clk 0:50:01]} b6 {[%clk 0:45:14]} 21. Ba4
{[%clk 0:45:26]} Bd7 {[%clk 0:41:37]} 22. Nb5 {[%clk 0:42:16]} O-O-O
{[%clk 0:35:35]} 23. Qc2 {[%clk 0:35:31]} Kb7 {[%clk 0:35:42]} 24. Rdf1
{[%clk 0:34:45]} Be8 {[%clk 0:19:00]} 25. a3 {[%clk 0:32:17]} a6 {[%clk 0:14:02]}
26. Nc3 {[%clk 0:31:23]} Nxd4 {[%clk 0:13:53]} 27. exd4 {[%clk 0:31:00]} Bxd4
{[%clk 0:14:13]} 28. Bxe8 {[%clk 0:30:54]} Qxe8 {[%clk 0:13:14]} 29. Kh1
{[%clk 0:30:53]} Bxf2 {[%clk 0:13:38]} 30. Qxf2 {[%clk 0:31:08]} Rh8
{[%clk 0:10:43]} 31. Qe2 {[%clk 0:29:09]} Rf8 {[%clk 0:10:27]} 32. Rxf8
{[%clk 0:24:40]} Qxf8 {[%clk 0:10:51]} 33. h3 {[%clk 0:25:00]} Qf7
{[%clk 0:08:41]} 34. Nb4 {[%clk 0:20:06]} b5 {[%clk 0:07:46]} 35. Nxa6
{[%clk 0:18:57]} Kxa6 {[%clk 0:06:17]} 36. Qxb5+ {[%clk 0:19:19]} Ka7
{[%clk 0:06:43]} 37. Qa5+ {[%clk 0:18:12]} Kb7 {[%clk 0:06:56]} 38. Qxd8
{[%clk 0:16:12]} Qf1+ {[%clk 0:07:15]} 39. Kh2 {[%clk 0:16:36]} Qf4+
{[%clk 0:07:26]} 40. Kg1 {[%clk 0:15:39]} Qc1+ {[%clk 0:05:52]} 41. Kf2
{[%clk 0:14:59]} Qxb2+ {[%clk 0:06:11]} 42. Ne2 {[%clk 0:15:15]} Qe5
{[%clk 0:04:22]} 43. Qd7+ {[%clk 0:11:13]} Kb6 {[%clk 0:04:42]} 44. Qa4
{[%clk 0:07:22]} Qf6+ {[%clk 0:03:34]} 45. Ke3 {[%clk 0:06:06]} Qe5+
{[%clk 0:02:22]} 46. Kd3 {[%clk 0:05:51]} Qf5+ {[%clk 0:02:46]} 47. Kd2
{[%clk 0:05:29]} e5 {[%clk 0:02:57]} 48. Qb3+ {[%clk 0:05:25]} Ka7
{[%clk 0:30:06]} 49. Qxd5 {[%clk 0:35:48]} g4 {[%clk 0:30:00]} 50. hxg4
{[%clk 0:34:02]} hxg4 {[%clk 0:30:11]} 51. g3 {[%clk 0:33:48]} Qg5+
{[%clk 0:27:46]} 52. Kd3 {[%clk 0:31:48]} Qg6+ {[%clk 0:26:24]} 53. Kc3
{[%clk 0:28:57]} Qf5 {[%clk 0:22:14]} 54. Kd2 {[%clk 0:23:47]} Kb6
{[%clk 0:21:18]} 55. Qb3+ {[%clk 0:23:38]} Ka7 {[%clk 0:21:40]} 56. a4
{[%clk 0:21:34]} Qd7+ {[%clk 0:21:22]} 57. Ke3 {[%clk 0:19:26]} Qc6
{[%clk 0:20:05]} 58. Qb5 {[%clk 0:17:20]} Qf3+ {[%clk 0:19:59]} 59. Kd2
{[%clk 0:17:29]} Qf5 {[%clk 0:15:55]} 60. a5 {[%clk 0:16:18]} Qg5+
{[%clk 0:16:16]} 61. Ke1 {[%clk 0:15:42]} Qh5 {[%clk 0:16:12]} 62. Qb6+
{[%clk 0:12:17]} Ka8 {[%clk 0:16:36]} 63. Qc6+ {[%clk 0:11:19]} Ka7
{[%clk 0:16:46]} 64. a6 {[%clk 0:11:32]} 1-0

[Event "WCO2014"]
[Site "Tromso"]
[Date "2014.08.03"]
[Round "2.16"]
[WhiteID "5702879"]
[White "Azhar Puteri Rifqah Fahada"]
[BlackID "10000313"]
[Black "Kigeni Grace"]
[Result "1-0"]
[LiveChessVersion "1.4.3"]
[BlackElo "1676"]
[WhiteElo "1860"]

1. d4 {[%clk 1:30:56]} d5 {[%clk 1:30:37]} 2. Nf3 {[%clk 1:31:07]} Nf6
{[%clk 1:30:23]} 3. Bf4 {[%clk 1:30:35]} e6 {[%clk 1:29:58]} 4. e3
{[%clk 1:29:45]} Nbd7 {[%clk 1:25:39]} 5. Nbd2 {[%clk 1:27:56]} Be7
{[%clk 1:23:50]} 6. Bd3 {[%clk 1:24:46]} c5 {[%clk 1:22:08]} 7. c3
{[%clk 1:21:04]} O-O {[%clk 1:17:50]} 8. Ne5 {[%clk 1:17:13]} Qb6
{[%clk 1:03:39]} 9. Qc2 {[%clk 1:13:23]} c4 {[%clk 0:51:18]} 10. Be2
{[%clk 1:12:19]} Bd6 {[%clk 0:46:08]} 11. Nexc4 {[%clk 1:11:03]} dxc4
{[%clk 0:43:01]} 12. Nxc4 {[%clk 1:11:10]} Qc6 {[%clk 0:35:20]} 13. Bxd6
{[%clk 1:04:56]} Qxg2 {[%clk 0:31:26]} 14. O-O-O {[%clk 1:04:11]} Re8
{[%clk 0:27:12]} 15. f3 {[%clk 0:57:01]} Qg5 {[%clk 0:23:38]} 16. Bf4
{[%clk 0:52:40]} Qd5 {[%clk 0:22:21]} 17. e4 {[%clk 0:51:50]} Qc6
{[%clk 0:20:41]} 18. Nd6 {[%clk 0:48:18]} Rf8 {[%clk 0:18:20]} 19. Bb5
{[%clk 0:44:47]} Qb6 {[%clk 0:16:46]} 20. a4 {[%clk 0:38:41]} a6 {[%clk 0:14:38]}
21. Bd3 {[%clk 0:30:40]} g6 {[%clk 0:09:44]} 22. e5 {[%clk 0:20:58]} Nd5
{[%clk 0:09:06]} 23. Bh6 {[%clk 0:19:29]} Rd8 {[%clk 0:07:15]} 24. Bg5
{[%clk 0:10:55]} Rf8 {[%clk 0:06:07]} 25. Be4 {[%clk 0:05:40]} f5
{[%clk 0:02:50]} 26. Bxd5 {[%clk 0:05:33]} exd5 {[%clk 0:03:10]} 27. Be7
{[%clk 0:05:54]} Qc7 {[%clk 0:02:30]} 28. Bxf8 {[%clk 0:02:01]} Nxf8
{[%clk 0:02:36]} 29. Qb3 {[%clk 0:02:17]} Qc6 {[%clk 0:01:35]} 30. Kb1
{[%clk 0:01:31]} b6 {[%clk 0:01:10]} 31. c4 {[%clk 0:00:53]} Be6 {[%clk 0:01:19]}
32. Rc1 {[%clk 0:00:38]} dxc4 {[%clk 0:01:08]} 33. Rxc4 {[%clk 0:00:52]} Bxc4
{[%clk 0:01:32]} 34. Nxc4 {[%clk 0:00:33]} Ne6 {[%clk 0:01:21]} 35. Nxb6
{[%clk 0:00:46]} Rb8 {[%clk 0:01:36]} 36. a5 {[%clk 0:01:14]} Kg7
{[%clk 0:01:47]} 37. d5 {[%clk 0:01:19]} Nd4 {[%clk 0:01:09]} 38. dxc6
{[%clk 0:01:25]} Nxb3 {[%clk 0:01:11]} 39. c7 {[%clk 0:01:46]} Re8
{[%clk 0:01:01]} 40. c8=Q {[%clk 0:01:36]} Rxc8 {[%clk 0:01:05]} 41. Nxc8
{[%clk 0:02:04]} Nd2+ {[%clk 0:01:04]} 42. Ka2 {[%clk 0:01:33]} Nxf3
{[%clk 0:01:13]} 43. e6 {[%clk 0:01:54]} g5 {[%clk 0:30:14]} 44. e7
{[%clk 0:31:29]} Kf7 {[%clk 0:29:21]} 45. Rd1 {[%clk 0:31:50]} 1-0

[Event "WCO2014"]
[Site "Tromso"]
[Date "2014.08.03"]
[Round "2.32"]
[WhiteID "5600502"]
[White "Pulpan Oana"]
[BlackID "676446"]
[Black "Chung Mathilde"]
[Result "0-1"]
[LiveChessVersion "1.4.3"]
[BlackElo "1981"]
[WhiteElo "1846"]

1. d4 {[%clk 1:30:58]} Nf6 {[%clk 1:30:44]} 2. Nf3 {[%clk 1:31:23]} g6
{[%clk 1:30:35]} 3. g3 {[%clk 1:31:49]} Bg7 {[%clk 1:31:01]} 4. Bg2
{[%clk 1:32:16]} O-O {[%clk 1:31:21]} 5. O-O {[%clk 1:32:42]} d6 {[%clk 1:31:10]}
6. c4 {[%clk 1:32:57]} Nbd7 {[%clk 1:31:22]} 7. Nc3 {[%clk 1:33:12]} e5
{[%clk 1:29:22]} 8. e4 {[%clk 1:33:23]} exd4 {[%clk 1:28:41]} 9. Nxd4
{[%clk 1:33:46]} Re8 {[%clk 1:28:18]} 10. Rb1 {[%clk 1:32:07]} a6
{[%clk 1:22:55]} 11. Nd5 {[%clk 1:30:16]} Nxe4 {[%clk 1:06:48]} 12. Re1
{[%clk 1:30:41]} Nef6 {[%clk 0:59:48]} 13. Rxe8+ {[%clk 1:31:05]} Nxe8
{[%clk 1:00:10]} 14. Be3 {[%clk 1:27:30]} c6 {[%clk 0:51:27]} 15. Nf4
{[%clk 1:27:36]} Ne5 {[%clk 0:46:36]} 16. b3 {[%clk 1:26:55]} Nc7
{[%clk 0:41:47]} 17. h3 {[%clk 1:25:57]} Qe7 {[%clk 0:37:29]} 18. Qd2
{[%clk 1:24:48]} Bd7 {[%clk 0:30:31]} 19. Nfe2 {[%clk 1:24:09]} c5
{[%clk 0:29:00]} 20. Nf3 {[%clk 1:20:14]} Bxh3 {[%clk 0:24:51]} 21. Nxe5
{[%clk 1:13:25]} Bxg2 {[%clk 0:25:14]} 22. Nxg6 {[%clk 1:13:34]} hxg6
{[%clk 0:25:33]} 23. Re1 {[%clk 0:55:21]} Bc6 {[%clk 0:24:14]} 24. Nc3
{[%clk 0:54:00]} Qe5 {[%clk 0:19:53]} 25. Nd5 {[%clk 0:52:20]} Nxd5
{[%clk 0:19:12]} 0-1

[Event "WCO2014"]
[Site "Tromso"]
[Date "2014.08.03"]
[Round "2.31"]
[WhiteID "633747"]
[White "Levacic Melissa"]
[BlackID "5600464"]
[Black "Aguilar Filipina"]
[Result "1/2-1/2"]
[LiveChessVersion "1.4.3"]
[BlackElo "1820"]
[WhiteElo "1994"]

1. e4 {[%clk 1:30:58]} c5 {[%clk 1:30:55]} 2. Nc3 {[%clk 1:31:17]} d6
{[%clk 1:30:58]} 3. f4 {[%clk 1:31:08]} e6 {[%clk 1:30:50]} 4. Nf3
{[%clk 1:30:24]} Nf6 {[%clk 1:30:32]} 5. Be2 {[%clk 1:22:38]} Nc6
{[%clk 1:29:55]} 6. d3 {[%clk 1:18:00]} Be7 {[%clk 1:29:14]} 7. O-O
{[%clk 1:18:15]} a6 {[%clk 1:27:57]} 8. a4 {[%clk 1:16:13]} Nd4 {[%clk 1:23:09]}
9. Kh1 {[%clk 0:55:42]} O-O {[%clk 1:19:22]} 10. Be3 {[%clk 0:48:41]} Nxe2
{[%clk 1:18:09]} 11. Nxe2 {[%clk 0:44:38]} Ng4 {[%clk 1:14:59]} 12. Bd2
{[%clk 0:42:02]} Qb6 {[%clk 1:11:27]} 13. h3 {[%clk 0:38:24]} Nf6
{[%clk 1:10:36]} 14. Bc3 {[%clk 0:36:23]} d5 {[%clk 1:08:55]} 15. e5
{[%clk 0:35:18]} Ne8 {[%clk 1:08:51]} 16. d4 {[%clk 0:32:58]} Bd7
{[%clk 1:05:31]} 17. Qd2 {[%clk 0:27:10]} Rc8 {[%clk 1:02:00]} 18. Rfb1
{[%clk 0:22:00]} g6 {[%clk 0:58:48]} 19. dxc5 {[%clk 0:17:26]} Bxc5
{[%clk 0:58:26]} 20. Bd4 {[%clk 0:13:53]} Ng7 {[%clk 0:57:25]} 21. b4
{[%clk 0:13:04]} Bxd4 {[%clk 0:57:14]} 22. Nfxd4 {[%clk 0:13:12]} Rc4
{[%clk 0:56:48]} 23. a5 {[%clk 0:06:05]} Qc7 {[%clk 0:56:29]} 24. c3
{[%clk 0:05:44]} Rc8 {[%clk 0:56:16]} 25. b5 {[%clk 0:05:14]} Nf5
{[%clk 0:50:05]} 26. Nxf5 {[%clk 0:02:28]} exf5 {[%clk 0:50:19]} 27. bxa6
{[%clk 0:02:21]} bxa6 {[%clk 0:48:44]} 28. Qxd5 {[%clk 0:01:28]} Bb5
{[%clk 0:41:56]} 29. Nd4 {[%clk 0:00:40]} Rxc3 {[%clk 0:40:22]} 30. Nxb5
{[%clk 0:00:57]} axb5 {[%clk 0:40:44]} 31. Qxb5 {[%clk 0:00:58]} Rc2
{[%clk 0:38:10]} 32. Qb7 {[%clk 0:00:33]} Qc4 {[%clk 0:35:31]} 33. Rf1
{[%clk 0:00:37]} Qe2 {[%clk 0:32:22]} 34. Qf3 {[%clk 0:00:53]} Qa6
{[%clk 0:30:39]} 35. Ra3 {[%clk 0:00:56]} Re2 {[%clk 0:25:51]} 36. Rg1
{[%clk 0:00:35]} Rcc2 {[%clk 0:25:53]} 37. Rc3 {[%clk 0:00:36]} Rcd2
{[%clk 0:24:58]} 38. Rc6 {[%clk 0:00:33]} Qxa5 {[%clk 0:24:23]} 39. Rc8+
{[%clk 0:00:55]} Kg7 {[%clk 0:24:36]} 40. Qc6 {[%clk 0:01:01]} Qa3
{[%clk 0:20:18]} 41. Qf6+ {[%clk 0:28:06]} Kh6 {[%clk 0:51:08]} 42. Kh2
{[%clk 0:22:16]} Qf3 {[%clk 0:46:53]} 43. Qg5+ 1/2-1/2

[Event "WCO2014"]
[Site "Tromso"]
[Date "2014.08.03"]
[Round "2.29"]
[WhiteID "5400384"]
[White "Lomandong Noela-Joyce"]
[BlackID "5601703"]
[Black "Axiaq Ariana"]
[Result "1-0"]
[LiveChessVersion "1.4.3"]
[BlackElo "1346"]
[WhiteElo "1616"]

1. e4 {[%clk 1:30:56]} c5 {[%clk 1:30:59]} 2. Nc3 {[%clk 1:31:09]} Nc6
{[%clk 1:31:09]} 3. Bb5 {[%clk 1:30:37]} g6 {[%clk 1:29:58]} 4. Bxc6
{[%clk 1:29:11]} bxc6 {[%clk 1:30:09]} 5. f4 {[%clk 1:28:35]} d5 {[%clk 1:26:44]}
6. d3 {[%clk 1:28:18]} Bg7 {[%clk 1:23:43]} 7. Nf3 {[%clk 1:26:57]} Nf6
{[%clk 1:10:12]} 8. O-O {[%clk 1:23:02]} Qc7 {[%clk 1:01:02]} 9. Qe1
{[%clk 1:19:24]} O-O {[%clk 0:58:42]} 10. h3 {[%clk 1:09:21]} d4 {[%clk 0:51:46]}
11. Ne2 {[%clk 1:03:47]} a5 {[%clk 0:49:16]} 12. Bd2 {[%clk 0:58:44]} a4
{[%clk 0:45:34]} 13. Kh1 {[%clk 0:55:51]} Nd7 {[%clk 0:39:21]} 14. g4
{[%clk 0:39:00]} Qa7 {[%clk 0:33:07]} 15. Qh4 {[%clk 0:26:19]} e6
{[%clk 0:25:53]} 16. f5 {[%clk 0:21:29]} exf5 {[%clk 0:20:23]} 17. gxf5
{[%clk 0:15:24]} Re8 {[%clk 0:13:36]} 18. Bh6 {[%clk 0:10:44]} Bh8
{[%clk 0:11:38]} 19. Nf4 {[%clk 0:08:53]} Nf8 {[%clk 0:06:58]} 20. Bxf8 1-0

[Event "WCO2014"]
[Site "Tromso"]
[Date "2014.08.03"]
[Round "2.10"]
[WhiteID "3902773"]
[White "Mena Ailen Oriana"]
[BlackID "14700182"]
[Black "Antonova Nadezhda"]
[Result "1/2-1/2"]
[LiveChessVersion "1.4.3"]
[BlackElo "2004"]
[WhiteElo "1681"]

1. e4 {[%clk 1:30:57]} d6 {[%clk 1:30:44]} 2. d4 {[%clk 1:30:13]} Nf6
{[%clk 1:31:06]} 3. Nc3 {[%clk 1:28:53]} e5 {[%clk 1:31:20]} 4. dxe5
{[%clk 1:26:48]} dxe5 {[%clk 1:31:45]} 5. Qxd8+ {[%clk 1:25:34]} Kxd8
{[%clk 1:32:12]} 6. Nf3 {[%clk 1:25:03]} Bd6 {[%clk 1:32:20]} 7. Bg5
{[%clk 1:23:47]} c6 {[%clk 1:29:05]} 8. O-O-O {[%clk 1:22:37]} Ke7
{[%clk 1:29:07]} 9. Bc4 {[%clk 1:21:11]} Be6 {[%clk 1:28:56]} 10. Bxe6
{[%clk 1:19:55]} fxe6 {[%clk 1:28:48]} 11. Rd3 {[%clk 1:17:43]} h6
{[%clk 1:25:54]} 12. Nh4 {[%clk 1:15:10]} Rd8 {[%clk 1:21:13]} 13. Bxf6+
{[%clk 1:11:05]} gxf6 {[%clk 1:15:25]} 14. Rhd1 {[%clk 1:11:14]} Bc7
{[%clk 1:13:34]} 15. Ng6+ {[%clk 1:09:01]} Ke8 {[%clk 1:13:54]} 16. Rxd8+
{[%clk 1:09:04]} Bxd8 {[%clk 1:14:05]} 17. Nf8 {[%clk 1:08:25]} Na6
{[%clk 1:01:30]} 18. Nxe6 {[%clk 1:06:57]} Bb6 {[%clk 1:01:50]} 19. Ng7+
{[%clk 1:05:02]} Kf8 {[%clk 0:59:15]} 20. Nh5 {[%clk 1:00:58]} Ke7
{[%clk 0:57:48]} 21. f3 {[%clk 0:56:30]} Bf2 {[%clk 0:49:11]} 22. Ng7
{[%clk 0:54:45]} Rg8 {[%clk 0:26:13]} 23. Nf5+ {[%clk 0:53:35]} Ke8 24. g3
{[%clk 0:53:25]} Bc5 {[%clk 0:26:53]} 25. Kb1 {[%clk 0:47:47]} Bf8
{[%clk 0:26:10]} 26. Ne2 {[%clk 0:45:59]} Nc5 {[%clk 0:24:55]} 27. Nc3
{[%clk 0:38:57]} Ne6 {[%clk 0:24:54]} 28. Kc1 {[%clk 0:37:37]} h5
{[%clk 0:24:15]} 29. Nb1 {[%clk 0:35:52]} Rh8 {[%clk 0:22:14]} 30. c3
{[%clk 0:34:06]} Ng7 {[%clk 0:21:33]} 31. Nd6+ {[%clk 0:32:30]} Bxd6
{[%clk 0:21:44]} 32. Rxd6 {[%clk 0:32:53]} Ke7 {[%clk 0:22:09]} 33. Rd3
{[%clk 0:33:13]} Ne6 {[%clk 0:21:25]} 34. Na3 {[%clk 0:32:30]} h4
{[%clk 0:21:29]} 35. g4 {[%clk 0:28:35]} Nf4 {[%clk 0:21:18]} 36. Rd2
{[%clk 0:28:07]} Ne6 {[%clk 0:21:15]} 37. Nc4 {[%clk 0:27:59]} Ng5
{[%clk 0:20:56]} 38. Rd3 {[%clk 0:24:37]} Nf7 {[%clk 0:10:28]} 39. Kd2
{[%clk 0:22:01]} Rh7 {[%clk 0:05:32]} 40. Na5 {[%clk 0:16:41]} Nd6
{[%clk 0:05:19]} 41. c4 {[%clk 0:16:09]} Ke6 {[%clk 0:26:11]} 42. c5
{[%clk 0:45:59]} Nb5 {[%clk 0:25:08]} 43. Nb3 {[%clk 0:45:52]} Rd7
{[%clk 0:23:41]} 44. Rxd7 {[%clk 0:42:32]} Kxd7 {[%clk 0:24:10]} 45. a4
{[%clk 0:42:11]} Nc7 {[%clk 0:24:19]} 46. Nc1 {[%clk 0:42:27]} Ne6
{[%clk 0:24:14]} 47. Nd3 {[%clk 0:40:58]} a5 {[%clk 0:23:07]} 48. Ke3
{[%clk 0:40:24]} Kc7 {[%clk 0:21:49]} 49. Kf2 {[%clk 0:36:58]} Kd7
{[%clk 0:21:46]} 50. Kg2 {[%clk 0:36:11]} Ng5 {[%clk 0:16:04]} 51. Nc1
{[%clk 0:35:44]} Kc7 {[%clk 0:16:09]} 52. Nd3 {[%clk 0:34:36]} Kd7
{[%clk 0:15:51]} 53. b3 {[%clk 0:33:23]} Kc7 {[%clk 0:14:01]} 54. Nb2
{[%clk 0:26:52]} Ne6 {[%clk 0:13:55]} 55. Nd3 {[%clk 0:22:40]} Ng5
{[%clk 0:12:23]} 56. Kf2 {[%clk 0:22:34]} Ne6 {[%clk 0:12:31]} 57. Ke3
{[%clk 0:20:32]} Kd7 {[%clk 0:11:47]} 58. Kf2 {[%clk 0:17:03]} Kc7
{[%clk 0:11:27]} 59. Kg2 {[%clk 0:15:56]} Ng5 {[%clk 0:08:48]} 60. Kf2
{[%clk 0:13:25]} Ne6 {[%clk 0:08:54]} 61. Kg2 {[%clk 0:13:36]} Ng5
{[%clk 0:07:30]} 62. Kf2 {[%clk 0:13:58]} 1/2-1/2

[Event "WCO2014"]
[Site "Tromso"]
[Date "2014.08.03"]
[Round "2.12"]
[WhiteID "7500440"]
[White "Salim-Moussa Seydi"]
[BlackID "14700255"]
[Black "Odinaeva Saodat"]
[Result "0-1"]
[LiveChessVersion "1.4.3"]
[BlackElo "1785"]
[WhiteElo "1724"]

1. e4 {[%clk 1:30:55]} e6 {[%clk 1:30:55]} 2. d4 {[%clk 1:31:08]} d5
{[%clk 1:31:19]} 3. exd5 {[%clk 1:31:20]} exd5 {[%clk 1:31:43]} 4. Nf3
{[%clk 1:31:04]} Nf6 {[%clk 1:31:49]} 5. Nc3 {[%clk 1:30:59]} Be7
{[%clk 1:30:56]} 6. Bd3 {[%clk 1:30:53]} Nc6 {[%clk 1:30:38]} 7. h3
{[%clk 1:29:50]} h6 {[%clk 1:30:45]} 8. O-O {[%clk 1:29:40]} Nb4 {[%clk 1:26:49]}
9. a3 {[%clk 1:26:22]} Nxd3 {[%clk 1:27:12]} 10. Qxd3 {[%clk 1:26:40]} O-O
{[%clk 1:26:53]} 11. Re1 {[%clk 1:26:13]} a6 {[%clk 1:23:26]} 12. b4
{[%clk 1:22:41]} Be6 {[%clk 1:21:47]} 13. Bb2 {[%clk 1:16:32]} Bd6
{[%clk 1:18:58]} 14. Ne5 {[%clk 1:11:20]} Qc8 {[%clk 1:11:52]} 15. Qf3
{[%clk 0:51:46]} b6 {[%clk 0:58:12]} 16. Nd1 {[%clk 0:45:12]} Bf5
{[%clk 0:54:05]} 17. Ne3 {[%clk 0:41:50]} Be4 {[%clk 0:53:33]} 18. Qd1
{[%clk 0:41:16]} c6 {[%clk 0:50:44]} 19. f3 {[%clk 0:37:14]} Bg6 {[%clk 0:47:02]}
20. Kh1 {[%clk 0:29:29]} Nh5 {[%clk 0:46:07]} 21. g4 {[%clk 0:24:29]} Nf4
{[%clk 0:44:52]} 22. Kh2 {[%clk 0:23:39]} f6 {[%clk 0:38:32]} 23. Nxg6
{[%clk 0:23:00]} Nxg6+ {[%clk 0:39:00]} 24. Kh1 {[%clk 0:22:01]} Nf4
{[%clk 0:36:34]} 25. h4 {[%clk 0:21:20]} g6 {[%clk 0:17:46]} 26. Rg1
{[%clk 0:20:13]} Nh3 {[%clk 0:08:03]} 27. Rg2 {[%clk 0:20:36]} Qc7
{[%clk 0:07:53]} 28. Bc3 {[%clk 0:18:54]} Rae8 {[%clk 0:08:08]} 29. Qd2
{[%clk 0:16:16]} Re7 {[%clk 0:06:13]} 30. Rf1 {[%clk 0:14:29]} Bf4
{[%clk 0:05:37]} 31. Re2 {[%clk 0:14:14]} Rfe8 {[%clk 0:05:21]} 32. Rfe1
{[%clk 0:14:30]} Bd6 {[%clk 0:04:31]} 33. Nf1 {[%clk 0:11:52]} Rxe2
{[%clk 0:02:55]} 34. Rxe2 {[%clk 0:12:17]} Rxe2 {[%clk 0:02:11]} 35. Qxe2
{[%clk 0:12:44]} Qc8 {[%clk 0:02:34]} 36. Qd3 {[%clk 0:11:49]} Nf2+
{[%clk 0:03:01]} 0-1